| 000 | 00506nam a22001577a 4500 | ||
|---|---|---|---|
| 082 |
_a720.222 _bMOR _cL-12, P-64 |
||
| 100 |
_aMorgan, Sherley W. _945722 |
||
| 245 |
_aArchitectural Drawing _bPerspective, Light and Shadow, Rendering _cMorgan, Sherley W. |
||
| 250 | _a1950 | ||
| 260 |
_aLondon; _bMcGraw Hill Book Company Inc New York; _c1950. |
||
| 300 | _a227 P, : | ||
| 526 |
_a0 _b0 _c0 _d720_222000000000000_MOR |
||
| 526 |
_a0 _b0 _c0 _d720_222000000000000_MOR |
||
| 650 |
_aMCE _9379 |
||
| 942 |
_2ddc _cBK |
||
| 999 |
_c549183 _d549183 |
||